000 00795nam a22002532 4500
001 42830
003 (BD-RJUL)
005 20211209053611.0
008 160616s1971 enk 000 0 eng d
020 _a0297993577
035 _a(BD-RJUL) 42948
040 _aEUN
_cEUN
_dEQO
_beng
041 _aeng
082 _223
_a330
_bSTW 1971
100 1 _aStilwell, J.
_q(John),
_d1941-
_9131603
245 1 0 _aWorkbook to accompany An introduction to positive economics /
_cJ.A. Stilwell and Richard G. Lipsey.
250 _a2nd edi.
260 _aLondon :
_bWeidenfeld and Nicolson,
_c1971
300 _a271 p. :
_bill. ;
_c30 cm.
650 0 _aEconomics.
_9131604
700 1 _aLipsey, Richard G.,
_d1928-
_9131422
730 3 _aAn introduction to postive economics.
_9131605
942 _2ddc
_cBK
999 _c42830
_d42830